Statistiche per Città italiane con almeno 100 000 abitanti

Clicka qui per fare il quiz!

Statistiche generali

  • Questo quiz è stato fatto 169 volte
  • Il punteggio medio è 34 su 44

Statistiche sulle risposte

PopolazioneRegioneCittà% Corretto
914 406CampaniaNapoli
100%
361 349ToscanaFirenze
99%
1 352 454LombardiaMilano
99%
630 170SiciliaPalermo
99%
2 744 945LazioRoma
99%
315 966PugliaBari
98%
559 072LiguriaGenova
98%
841 971PiemonteTorino
98%
250 588VenetoVenezia
98%
388 087Emilia-RomagnaBologna
97%
298 994SiciliaCatania
92%
255 744VenetoVerona
90%
198 332Friuli-Venezia GiuliaTrieste
88%
148 267SardegnaCagliari
87%
219 104SiciliaMessina
86%
161 742UmbriaPerugia
86%
117 914Trentino-Alto AdigeTrento
85%
206 535VenetoPadova
83%
196 263LombardiaBrescia
82%
119 555LombardiaBergamo
78%
171 246CalabriaReggio Calabria
78%
169 640Emilia-RomagnaReggio Emilia
76%
127 627LazioLatina
75%
196 580Emilia-RomagnaParma
75%
127 320CampaniaSalerno
75%
184 281Emilia-RomagnaModena
72%
149 240Emilia-RomagnaRimini
72%
110 111VenetoVicenza
72%
153 195ToscanaLivorno
70%
106 043Trentino-Alto AdigeBolzano
69%
145 528PugliaFoggia
65%
155 824Emilia-RomagnaRavenna
64%
121 199SardegnaSassari
64%
116 476Emilia-RomagnaForlì
63%
121 585LombardiaMonza
63%
195 482ToscanaPrato
63%
129 326Emilia-RomagnaFerrara
62%
118 722AbruzzoPescara
62%
188 308PugliaTaranto
62%
106 573UmbriaTerni
62%
102 453Emilia-RomagnaPiacenza
61%
116 356SiciliaSiracusa
59%
101 269PiemonteNovara
58%
123 687CampaniaGiugliano in Campania
28%

Distribuzione punteggi

Percentile per numero di risposta

Percentuale di utenti per punteggio

I tuoi punteggi nel tempo

Non hai fatto questo quiz